Alle Sieger von F1-Rennen in Belgien - Statistiken

Allgemein
  • Dieses Quiz wurde 220 mal gespielt
    126 seit der letzten Aktualisierung
  • Das Durchschnittsergebnis liegt bei 51 aus 68
Antwortstatistiken
Nr. Jahr Strecke Konstrukteur Nationalität Sieger % Korrekt
55 2010 McLaren GBR Lewis Hamilton
99%
60 2015 Mercedes GBR Lewis Hamilton
99%
62 2017 Mercedes GBR Lewis Hamilton
99%
65 2020 Mercedes GBR Lewis Hamilton
99%
66 2021 Red Bull NED Max Verstappen
99%
67 2022 Red Bull NED Max Verstappen
99%
68 2023 Red Bull NED Max Verstappen
99%
39 1992 Benetton GER Michael Schumacher
99%
42 1995 Benetton GER Michael Schumacher
99%
43 1996 Ferrari GER Michael Schumacher
99%
44 1997 Ferrari GER Michael Schumacher
99%
48 2001 Ferrari GER Michael Schumacher
99%
49 2002 Ferrari GER Michael Schumacher
99%
56 2011 Red Bull GER Sebastian Vettel
99%
58 2013 Red Bull GER Sebastian Vettel
99%
63 2018 Ferrari GER Sebastian Vettel
99%
50 2004 McLaren FIN Kimi Räikkönen
97%
51 2005 McLaren FIN Kimi Räikkönen
97%
52 2007 Ferrari FIN Kimi Räikkönen
97%
54 2009 Ferrari FIN Kimi Räikkönen
97%
61 2016 Mercedes GER Nico Rosberg
97%
32 1985 Spa-Franchorchamps Lotus BRA Ayrton Senna
96%
35 1988 McLaren BRA Ayrton Senna
96%
36 1989 McLaren BRA Ayrton Senna
96%
37 1990 McLaren BRA Ayrton Senna
96%
38 1991 McLaren BRA Ayrton Senna
96%
64 2019 Ferrari MCO Charles Leclerc
96%
57 2012 McLaren GBR Jenson Button
91%
22 1975 Zolder Ferrari AUT Niki Lauda
89%
23 1976 Ferrari AUT Niki Lauda
89%
30 1983 Spa-Franchorchamps Renault FRA Alain Prost
88%
34 1987 McLaren FRA Alain Prost
88%
59 2014 Red Bull AUS Daniel Ricciardo
88%
47 2000 McLaren FIN Mika Häkkinen
88%
53 2008 Ferrari BRA Felipe Massa
86%
40 1993 Williams GBR Damon Hill
82%
41 1994 Williams GBR Damon Hill
82%
45 1998 Jordan GBR Damon Hill
82%
1 1950 Spa-Franchorchamps Alfa Romeo ARG Juan Manuel Fangio
82%
5 1954 Maserati ARG Juan Manuel Fangio
82%
6 1955 Mercedes ARG Juan Manuel Fangio
82%
10 1961 Ferrari USA Phil Hill
82%
3 1952 Ferrari ITA Alberto Ascari
70%
4 1953 Ferrari ITA Alberto Ascari
70%
20 1973 Zolder Tyrrell GBR Jackie Stewart
70%
46 1999 McLaren GBR David Coulthard
69%
33 1986 Williams GBR Nigel Mansell
69%
19 1972 Nivelles-Baulers Lotus BRA Emerson Fittipaldi
68%
21 1974 Nivelles-Baulers McLaren BRA Emerson Fittipaldi
68%
2 1951 Alfa Romeo ITA Giuseppe Farina
67%
11 1962 Lotus GBR Jim Clark
56%
12 1963 Lotus GBR Jim Clark
56%
13 1964 Lotus GBR Jim Clark
56%
14 1965 Lotus GBR Jim Clark
56%
26 1979 Ferrari RSA Jody Scheckter
56%
25 1978 Lotus USA Mario Andretti
56%
9 1960 Cooper AUS Jack Brabham
54%
17 1968 McLaren NZL Bruce McLaren
46%
28 1981 Williams ARG Carlos Reutemann
45%
15 1966 Ferrari GBR John Surtees
27%
18 1970 B.R.M. MEX Pedro Rodríguez
24%
31 1984 Zolder Ferrari ITA Michele Alboreto
23%
29 1982 McLaren GBR John Watson
15%
27 1980 Ligier FRA Didier Pironi
11%
8 1958 Vanwall GBR Tony Brooks
10%
24 1977 Lotus SWE Gunnar Nilsson
9%
7 1956 Ferrari GBR Peter Collins
9%
16 1967 Eagle USA Dan Gurney
7%
Keine übereinstimmenden Quizze gefunden
Verteilung der Resultate
Anzahl Personen mit jedem Resultat
Perzentil nach korrekt beantworteten Fragen
Ihre Resultats-Entwicklung
Sie haben dieses Quiz seit der letzten Aktualisierung nicht gespielt